| 000 | 00996nam0a22002531 4500 | ||
|---|---|---|---|
| 001 | rc\358902 | ||
| 005 | 20260407143638.0 | ||
| 035 | _a(NLR Aleph) 005584490 | ||
| 090 |
_a6147142 _c6147142 |
||
| 100 | _a20030307d1989 |||y0rusy50 ca | ||
| 101 | 0 | _arus | |
| 102 | _aRU | ||
| 105 | _ay ||||||||| | ||
| 200 | 1 |
_aЧастная гистология _e(Курс лекций) _fКазан. гос. мед. ин-т им. С.В. Курашова, Каф. гистологии, цитологии и эмбриологии человека |
|
| 210 |
_aКазань _cБ. и. _d1989 |
||
| 215 |
_a81 с. _d20 |
||
| 300 | _aАвт. указан на бороте тит. л. | ||
| 700 | 1 |
_aУлумбеков _bЭ.Г. _gЭрнст Галимович |
|
| 712 | 0 | 2 |
_aКазанский медицинский институт им. С. В. Курашова _3RU\NLR\AUTH\8810016054 _9529951 |
| 801 | 0 |
_aRU _bNLR _gpsbo |
|
| 801 | 1 |
_aRU _bELAR _2rusmarc |
|
| 852 |
_aNLR _j89-4/17672 |
||
| 942 | _cBOOK | ||
| 980 | _aNB | ||